On photography
| Main Author: | Sontag, Susan |
|---|---|
| Language: | English |
| Published: |
London:
Penguin Books,
1979.
|
| Subjects: |
| LEADER | 00598cam a2200181 7i4500 | ||
|---|---|---|---|
| 001 | 0000037704 | ||
| 005 | 20170218090000.0 | ||
| 008 | 110406 eng | ||
| 020 | |a 9780141035789 (pbk.) | ||
| 090 | 0 | 0 | |a TR145 |b .S66 1979 |
| 100 | 1 | |a Sontag, Susan | |
| 245 | 1 | 0 | |a On photography |c Susan Sontag. |
| 260 | |a London: |b Penguin Books, |c 1979. | ||
| 300 | |a 207 p.; |c 18 cm. | ||
| 650 | 0 | 0 | |a Photography |
| 997 | |a Communication, Visual Art & Computing, Faculty |b Visual Art, Department | ||
| 998 | |a Photographic Technology, Diploma | ||
| 999 | |a 0000044417 |b BOK |c OPEN SHELF |e 2nd Floor, Bestari Jaya | ||


